The complete idiot's guide to America Online / (Record no. 9268)

MARC details
000 -LEADER
fixed length control field 00632nac a22001931u 4500
010 ## - LIBRARY OF CONGRESS CONTROL NUMBER
LC control number 95075190
020 ## - INTERNATIONAL STANDARD BOOK NUMBER
International Standard Book Number 156761597X (pbk.) :
082 00 - DEWEY DECIMAL CLASSIFICATION NUMBER
Classification number 005.71369
Item number PIV
090 ## - LOCALLY ASSIGNED LC-TYPE CALL NUMBER (OCLC); LOCAL CALL NUMBER (OCLC)
-- 9268
-- 9268
100 ## - MAIN ENTRY--PERSONAL NAME
Personal name Pivovarnick, John.
245 14 - TITLE STATEMENT
Title The complete idiot's guide to America Online /
Statement of responsibility, etc by John Pivovarnick.
260 ## - PUBLICATION, DISTRIBUTION, ETC. (IMPRINT)
Place of publication, distribution, etc Indianapolis, IN :
Name of publisher, distributor, etc Alpha Books,1995.
Date of publication, distribution, etc c1995.
300 ## - PHYSICAL DESCRIPTION
Extent xxiv, 328 p. :
Other physical details ill. ;
Dimensions 24 cm.
500 ## - GENERAL NOTE
General note Includes index.
500 ## - GENERAL NOTE
General note Distributer: Al-Ahram
511 ## - PARTICIPANT OR PERFORMER NOTE
Participant or performer note Catalogued by: Sara
650 #0 - SUBJECT ADDED ENTRY--TOPICAL TERM
Topical term or geographic name as entry element America Online (Online service)
942 ## - ADDED ENTRY ELEMENTS (KOHA)
Item type Book - Borrowing
Call number prefix 005.71369PIV
Holdings
Withdrawn status Item status Damaged status Not for loan Home library Current library Shelving location Date acquired Source of acquisition Total Checkouts Full call number Barcode Date last seen Koha item type
        Central Library Central Library Lower Floor 29/04/2008 Purchase   005.71369PIV 000011120 15/07/2025 Book - Borrowing